| 000 | 01284cam a2200349Ia 4500 | ||
|---|---|---|---|
| 999 |
_c3896 _d3896 |
||
| 001 | 242637 | ||
| 003 | GBCCL | ||
| 005 | 20241126110506.0 | ||
| 008 | 990517s1999 mnu j 000 1 eng d | ||
| 020 |
_a0764220675 (pbk.) : _c$5.99 |
||
| 020 | _a9780764220678 (pbk.) | ||
| 035 | _a(OCoLC)ocm41378526 | ||
| 035 | _a(OCoLC)41378526 | ||
| 040 |
_aOCO _cOCO _dSLC _dBTCTA _dCCE _dO2H _dTXEPL |
||
| 049 | _aLBBJ | ||
| 050 | 4 |
_aPZ7.N437746 _bSub 1999x |
|
| 082 | 0 | 4 |
_a813.54 _bNEN |
| 099 | _aN349u v.3 | ||
| 100 | 1 |
_aNentwig, Wendy Lee. _95711 |
|
| 245 | 1 | 0 |
_aSubway tokens in the sand / _cWendy Lee Nentwig |
| 260 |
_aMinneapolis, Minn. : _bBethany House Publishers, _cc1999. |
||
| 300 |
_a157 p. ; _c20 cm. |
||
| 490 | 1 |
_aUnmistakably Cooper Ellis ; _v03 |
|
| 520 | _aSixteen-year-old Cooper is dating one of the cutest, most interesting guys at her school, but now that she has a boyfriend, she's not so sure she likes it. | ||
| 650 | 0 |
_aModels (Persons) _xJuvenile fiction. _97656 |
|
| 650 | 0 |
_aBest friends _vJuvenile fiction. _95713 |
|
| 650 | 0 |
_aHigh school students _vJuvenile fiction. _97657 |
|
| 650 | 0 |
_aChristian fiction. _94121 |
|
| 650 | 0 |
_aModels (Persons) _vFiction. _95715 |
|
| 800 | 1 |
_aNentwig, Wendy Lee. _tUnmistakably Cooper Ellis ; _v03. _97658 |
|
| 942 |
_2ddc _cBK _01 |
||